000 00948nam a2200253 i 4500
001 bg
100 1 _aSOSNOWSKA, Edita
245 1 0 _aProjektowanie organizacyjno-gospodarczego urządzenia przedsiębiorstw rolniczych /
_cMaria Mora, Edita Sosnowska.
260 _aKraków :
_bAR,
_c1993.
300 _a105 s. :
_bwykr. ;
_c24 cm.
490 1 _aSkrypty dla Szkół Wyższych / Akademia Rolnicza im. H. Kołłątaja w Krakowie
504 _aBibliogr. s. 104-105.
650 9 _aGospodarstwo rolne
_xekonomika
_xprojekty
_xmetody
650 9 _aGospodarstwo rolne
_xorganizacja
_xprojekty
_xmetody
650 9 _aModele matematyczne
_xstosowanie
_xrolnictwo
655 _aPodręczniki akademickie
700 1 _aMORA, Maria
830 0 _aSkrypty dla Szkół Wyższych (Akademia Rolnicza im. H. Kołłątaja w Krakowie)
040 _cBPK
041 0 _apl
080 _a631.1::51](075.8)
942 _cKS
008 s pl f |000 0 pol
999 _c25091
_d25091
856 _uhttp://koha.tu.koszalin.pl/cgi-bin/koha/opac-detail.pl?biblionumber=25091
_yKatalog online BPK